| 000 | 00584nam a2200193 a 4500 | ||
|---|---|---|---|
| 001 | 3013 | ||
| 003 | CDMR | ||
| 005 | 20131016174745.0 | ||
| 008 | 130130s1974||||||||||||||||||||||||||||d | ||
| 020 | _a0063825627 | ||
| 040 |
_aCDMR _bcat _cCDMR |
||
| 100 | 1 |
_aDennis, Everette E. _92214 |
|
| 245 | 1 | 0 |
_aOther voices _b: the new journalism in America _cEverette E. Dennis y William L. Rivers |
| 260 |
_aSan Francisco _c1974 _bCanfield Press |
||
| 300 | _a218 p. | ||
| 650 | 0 | 4 |
_94094 _aPeriodisme _zEstats Units d'Amèrica |
| 650 | 0 | 4 |
_93419 _aDiaris _xSeccions, columnes, etc |
| 942 |
_cMON _2udc |
||
| 999 |
_c3013 _d3013 |
||